000
00220nam a2200085Ia 4500
245
0
_a
Paris trance
100
_a
DYER, Geoff London, 1999 - 2003
_9
102746
942
_c
BK
008
210818s9999 xx 000 0 und d
999
_c
448943
_d
448942